000 00779nam a22002417a 4500
003 UA-OsUOA
001 117662
007 ta
008 20160607b un ||||| |||| 00| 0 ukr d
100 _aБатенко Т.
090 _a323.1(477)
_bБ28
942 _cBK
040 _aUA-OsUOA
_bukr
_cUA-OsUOA
_dUA-OsUOA
245 _a"Я повстаю, отже, я існую...": політичний портрет Івана Геля
_bнариси з історії українського руху опору кінця 1950-х - початку 1990-х років
300 _a224 с.
955 _a1
041 _aukr
080 _a323.1(477)
020 _a966-7155-33-1
260 _aЛьвів
_bНТШ
_c1999
650 7 _a32 Політика
_2UDC
999 _c403703
_d403703